Statistics for Country Names Containing Both P and U

Click here to take the quiz!

General Stats

  • This quiz has been taken 98 times
  • The average score is 6 of 11

Answer Stats

Answer % Correct
Paraguay
95%
Peru
88%
Papua New Guinea
82%
Palau
79%
Portugal
66%
Democratic Republic of the Congo
53%
Republic of the Congo
51%
Czech Republic
41%
Dominican Republic
39%
Central African Republic
32%
Cyprus
24%

Score Distribution

Percentile by Number Answered

Percent of People with Each Score

Your Score History

You have not taken this quiz